000 00263nam a2200109Ia 4500
005 20251222141933.0
008 251222s9999||||xx |||||||||||||| ||spa||
082 _a270.1/A78
245 0 _aDe la Tierra a las Gentes:
264 _bArzobispado de Madrid
942 _cLIB
999 _c9105
_d9105